00959nam a22002291 45000010005000000030008000050050017000130080041000300350018000710400031000890410008001200820022001281000034001502450258001842600043004423000029004855040020005146500025005349420012005599990015005719520143005867028BD-RjUL20211208234345.0140113s1954 enka 001 0 eng d a(BD-RjUL)7070 aDLCbengcFOdDLCdBD-RjUL aeng00a363.258bCHF 19541 aCherrill, Frederick R.92201514aThe finger print system at Scotland Yard :ba practical treatise on finger print identification for the use of students and experts and a guide for investigators when dealing with imprints left at the scenes of crime. /cForeword by Sir John Nott-Bower. aLondon :bH.M. Stationery Off.,c1954. a173 p. :billus.c28 cm. aIncludes index. 0aFingerprints.922016 2ddccBK c7028d7028 00102ddc40718NFICaRUCLbRUCLcreadingd1968-01-06eZeithlinger.g21.00l0o363.258 CHF 1954r2014-01-13 00:00:00tC-1w2014-01-13yBK